000 00742nam a22002537a 4500
003 SISC
005 20160303090604.0
008 130723t xxu||||| |||| 00| 0 eng d
020 _a1858137756
050 _aPZ 7
_b.M362 1994
082 _aCLA M34c
_b1994
100 _aMarryat, Captain
_92814
245 _aThe Children of the new forest /
_cCaptain Marryat.
260 _aBristol, England :
_b Parragon Books,
_cc1996.
300 _a215p. ;
_c18 cm.
562 _e3
650 _a Great Britain--History--Civil war, 1642-1649--Fiction.
_92815
650 _a New Forest (England : Forest)--Fiction.
_92816
650 _aOrphans--Fiction.
_92817
942 _2lcc
_cBK
999 _c7394
_d7394